Statistics for European Airport Code Quiz

Click here to take the quiz!

General Stats

  • This quiz has been taken 4,025 times
    (4,008 since last reset)
  • The average score is 59 of 115

Answer Stats

HintAnswer% Correct
HAMHamburg
92%
AMSAmsterdam
90%
MADMadrid
88%
DUBDublin
86%
MANManchester
85%
MUCMünchen
85%
BCNBarcelona
84%
BUDBudapest
84%
LISLisbon
84%
BRUBrussels
83%
LHRLondon-Heathrow
83%
OSLOslo-Gardermoen
83%
WAWWarsaw
81%
ATHAthens
80%
DUSDüsseldorf
80%
VIEVienna
80%
IBZIbiza
79%
LUXLuxembourg
79%
ZRHZurich
79%
PRGPrague
78%
FRAFrankfurt
77%
GLAGlasgow
77%
ISTIstanbul-Atatürk
76%
LGWLondon-Gatwick
76%
EDIEdinburgh
75%
NAPNaples
75%
VCEVenice
75%
CPHCopenhagen
74%
NCENice
73%
GVAGeneva
69%
CDGParis-Charles de Gaulle
69%
ZAGZagreb
69%
LYSLyon
68%
LTNLondon-Luton
67%
BREBremen
65%
MRSMarseille
65%
BFSBelfast
64%
LCYLondon-City
64%
ORYParis-Orly
64%
VLCValencia
64%
CGNKöln-Bonn
61%
BHXBirmingham
60%
ARNStockholm-Arlanda
60%
FLRFlorence
59%
INNInnsbruck
59%
RTMRotterdam
59%
STNLondon-Stansted
58%
PMIPalma de Mallorca
58%
OPOPorto
58%
RIXRiga
58%
LPLLiverpool
56%
BSLBasel-Mulhouse-Freiburg
53%
SZGSalzburg
53%
DBVDubrovnik
52%
ABZAberdeen
51%
DRSDresden
51%
TLSToulouse
51%
TRNTurin
50%
TXLBerlin-Tegel
49%
FAOFaro
49%
OTPBucharest-Otopeni
47%
PMOPalermo
47%
MXPMilan-Malpensa
46%
SVQSeville
45%
STRStuttgart
44%
FCORome-Fiumicino
43%
SKPSkopje
42%
BIOBilbao
41%
BLQBologna
41%
GRZGraz
41%
NUENürnberg
41%
LNZLinz
40%
WROWroclaw
40%
LPAGran Canaria
39%
HAJHannover
39%
JERJersey
39%
AGPMalaga
39%
LEJLeipzig
38%
LEDSt.Petersburg
38%
TIATirana
37%
FUEFuerteventura
36%
SPUSplit
36%
FNCFunchal
34%
LINMilan-Linate
34%
KTWKatowice
33%
LCALarnaca
33%
TFSTenerife South
33%
TFNTenerife North
32%
DTMDortmund
31%
BGYBergamo
30%
BLLBillund
30%
ORKCork
30%
BRIBari
29%
SXFBerlin-Schönefeld
29%
CLJCluj
29%
BGOBergen
28%
ZADZadar
28%
ACELanzarote
27%
SENLondon-Southend
27%
MAHMenorca
27%
PADPaderborn
27%
CIARome-Ciampino
27%
OLBOlbia
25%
KLUKlagenfurt
21%
FMOMünster-Osnabrück
19%
UFAUfa
19%
KIVChisinau
17%
SPCLa Palma
17%
NQYNewquay
16%
NOCKnock
14%
TSRTimisoara
14%
JMKMykonos
13%
DOKDonetsk
11%
SBZSibiu
9%
AERSochi
9%

Score Distribution

Percentile by Number Answered

Percent of People with Each Score

Your Score History

You have not taken this quiz since the last reset